| 000 | 00382nam a2200133Ia 4500 | ||
|---|---|---|---|
| 005 | 20260328101505.0 | ||
| 008 | 260328s9999||||xx |||||||||||||| ||und|| | ||
| 100 | _aLizarralde, Gonzalo | ||
| 245 | 0 |
_aRebuilding After Disasters : _b From emergency to sustainability / _cGonzalo Lizarralde |
|
| 260 | _bSpon Press | ||
| 300 | _a283 p. | ||
| 650 | _aVIVIENDA DE EMERGENCIA | ||
| 942 | _cBK | ||
| 999 |
_c8999 _d8999 |
||